• 首页
  • 本馆介绍
  • 公告通知
  • 最新文献
  • 馆藏检索
  • 电子资源
  • 读者导购
  • 参考咨询
  • 我的图书馆
  • 登录
  • 详细信息显示
  • 放入我的书架
  • 预约/预借图书
  • 作者相关作品
  • 分类相关作品
  • 丛书相关作品
  • 出版社相关作品

书目信息

  • 表格格式
  • 工作单格式
  • 卡片格式
题名:
冷藏库设计
    
 
作者: 湖北工业建筑设计院《冷藏库设计》编写组编
分册:  
出版信息: 北京   中国建筑工业出版社  1980
页数: 570页
开本: 25cm
丛书名:
单 册:
中图分类: TU279
科图分类:
主题词: 冷藏库--设计 , 工业建筑--建筑设计
电子资源:
ISBN:
000 00611nam0 2200229 45
001 0180010020
005 20061127090944.76
010    @dCNY8.20
091    @aCN@b15040.3685
100    @a19950523d1980 emky0chiy0121 ea
101 0  @achi
102    @aCN@b110000
105    @ay z 000yy
200 10 @a冷藏库设计@Aleng cang ku she ji@f湖北工业建筑设计院《冷藏库设计》编写组编
210    @a北京@c中国建筑工业出版社@d1980
215    @a570页@d25cm
606    @a冷藏库@x设计
606 0  @a工业建筑@x建筑设计
690    @aTU279@v3
801  2 @aCN@bNLC@c20061127
801  0 @aCN@bTSSF
905    @a10447@dTU279@e135
    
    冷藏库设计/湖北工业建筑设计院《冷藏库设计》编写组编.-北京:中国建筑工业出版社,1980
    570页;25cm
    
    
    ISBN :CNY8.20
    
●
相关链接 在E读中查询图书 在五车中查询图书 在当当中查询图书 在豆瓣中查询图书


正题名:冷藏库设计     索取号:TU279/135         预约/预借

序号 登录号 条形码 馆藏地/架位号 状态 备注
1 0216648   001484548   第二样本阅览室/ [索取号:TU279/135] 在馆    
唐山师范学院图书馆 欢迎您!
大连网信软件有限公司© 版权所有